| 000 | 00442nam a2200145Ia 4500 | ||
|---|---|---|---|
| 008 | 231129s2007||||xx |||||||||||||| ||spa|| | ||
| 020 | _a978-958-664-194-4 | ||
| 040 | _bspa | ||
| 082 | _a599.94 M515c | ||
| 100 | _aMeisel Roca Adolfo | ||
| 245 | 0 | _aLa calidad de vida biológica en Colombia: Antropometría histórica 1870-2003 | |
| 260 | _c2007 | ||
| 264 | _aBanco de la República | ||
| 942 |
_2ddc _cBKS |
||
| 999 |
_c16531 _d16531 |
||